000 00812nam0a22002531 4500
001 rc\269057
005 20250621002332.0
010 _a5-85399-029-2
_95000
035 _a(NLR Aleph) 005474791
090 _a5079074
_c5079074
100 _a20030307d1997 |||y0rusy50 ca
101 0 _arus
102 _aRU
105 _aa |||||||||
200 1 _aЗвездное небо оригами
_eИскусство складывания из бумаги
_f[Хлямова Т.В.]
210 _aМ.
_cАким
_d1997
215 _a63 с.
_cил.
_d29
300 _aПрил. к журн. "Оригами. Искусство складывания из бумаги"
700 1 _aХлямова
_bТ.В.
801 0 _aRU
_bNLR
_gpsbo
801 1 _aRU
_bELAR
_2rusmarc
852 _aNLR
_j97-8/773
942 _cBOOK
980 _aNB